000 00549nam a22001577a 4500
999 _c534870
_d534870
020 _qHard Cover.
082 _a621.3678
100 _aAli, Mehwish
245 _aASSESMENT OF CARBON STOCKS OF MOIST TEMPERATE FOREST OF PAKISTAN USING REMOTE SENSING METHODS AND FOREST INVENTORY /
_cMehwish Ali
260 _aIslamabad :
_bIGIS - NUST,
_c2012.
300 _ax, 66 p. : ill. ;
_c30cm.
942 _2ddc
_cTHE
650 _aGIS and Remote Sensing
_929266
700 _aDr. Javed Iqbal.
_925404